=LDR 00000nam 2200000 4500 =001 INLIS000000000014816 =005 20210415015010 =035 ##$$a 0010-061300000014816 =008 210415################g##########0#ind## =041 ##$$a Ind =082 ##$$a 338.5 =090 ##$$a 338.5, Yog e =100 #$$a Yogi, MS =245 1#$$a Ekonomi manajerial : $b Pendekatan analisis praktis /$c Dr. Yogi, MS =260 ##$$a Jakarta :$b Prenada Media,$c 2004 =300 ##$$a ix, 201 hlm : $b ilus ; $c 23 x 15 cm =650 #4$$a Ekonomi Mikro =850 ##$$a NBPNMAT =020 ##$$a 979-3465-51-4 =084 ##$$a 338.5 YOG e =250 ##$$a cet.1 =990 ##$$a 30501805 =990 ##$$a 30501806 =990 ##$$a 30501807 =990 ##$$a 30501808